Williams College Grab Bag I Quiz Stats

 Plays Quiz not verified by Sporcle

Challenge
Share
Tweet
Embed
Score 0/38 Timer 07:00
0 Plays Today
% Correct
Williams
87.3%
Sage
78.9%
Mission
76.1%
Dodd
73.2%
Ephlats
71.8%
Driscoll
70.4%
Pappa Charlies
66.2%
Paresky Center
64.8%
Armstrong
64.8%
Pratt
64.8%
Springstreeters
64.8%
Sushi Thai
64.8%
Octet
63.4%
Dennett
62%
Mills
60.6%
Spice Root
60.6%
Subway
59.2%
Currier
59.2%
Good Question
57.7%
% Correct
Spencer
57.7%
Wood
54.9%
Chandler Gym
54.9%
Ephoria
53.5%
Eco Cafe
52.1%
Purple Pub
50.7%
The 82 Grill
50.7%
The Accidentals
46.5%
Whitmans'
46.5%
Tunnel City
45.1%
Lasell Gymnasium
45.1%
Weston Field
42.3%
Elizabethans
39.4%
Cole Field
38%
That's a Wrap
29.6%
Lansing-Chapman Ice Rink
28.2%
Towne Field House
25.4%
Muir-Samuelson Pool
16.9%
Little Saigon
12.7%

You're not logged in!

Compare scores with friends on all Sporcle quizzes.
Join for Free
OR
Log In

You Might Also Like...

Show Comments

Extras

Created Jan 3, 2011ReportNominate
Tags:College Quiz, bag, william

Top Quizzes Today


Score Distribution

Your Account Isn't Verified!

In order to create a playlist on Sporcle, you need to verify the email address you used during registration. Go to your Sporcle Settings to finish the process.

Report this User

Report this user for behavior that violates our Community Guidelines.

Details: